Fluid Mechanics and Machinery (Record no. 14371)
[ view plain ]
| 000 -LEADER | |
|---|---|
| fixed length control field | 01024nam a22001817a 4500 |
| 003 - CONTROL NUMBER IDENTIFIER | |
| control field | OSt |
| 008 - FIXED-LENGTH DATA ELEMENTS--GENERAL INFORMATION | |
| fixed length control field | 220124b ||||| |||| 00| 0 eng d |
| 020 ## - INTERNATIONAL STANDARD BOOK NUMBER | |
| ISBN | 9780195699630 |
| 082 ## - DEWEY DECIMAL CLASSIFICATION NUMBER | |
| Classification number | 532 |
| Item number | OJH/FL |
| 100 ## - MAIN ENTRY--AUTHOR NAME | |
| Personal name | Ojha,C.S.P |
| 100 ## - MAIN ENTRY--AUTHOR NAME | |
| Personal name | Berndtsson,R |
| 100 ## - MAIN ENTRY--AUTHOR NAME | |
| Personal name | Chandramouli |
| 245 ## - TITLE STATEMENT | |
| Title | Fluid Mechanics and Machinery |
| 260 ## - PUBLICATION, DISTRIBUTION, ETC. (IMPRINT) | |
| Place of publication | New Delhi |
| Name of publisher | Oxford University Press |
| Year of publication | 2012 |
| 300 ## - PHYSICAL DESCRIPTION | |
| Number of Pages | 996 |
| 505 ## - FORMATTED CONTENTS NOTE | |
| Formatted contents note | 1. Fundamentals of Fluid Mechanic<br/>2. Fluid Pressure and its Measurements<br/>3. Hydrostatic Forces on Surfaces<br/>4. Fluid Masses Subjected to Acceleration<br/>5.Buoyancy and Flotation<br/>6. Kinematics of Fluid Flow<br/>7. Fluid Dynamics<br/>8. Viscous Flow<br/>9. Turbulence and Turbulent Flow <br/>10. Theory of Boundary Layer<br/>11. Dimensional Analysis and Dynamic Similitude<br/>12. Flow Through Orifices and Mouthpieces<br/>13. Flow Over Notches and Weirs<br/>14. Flow through pipes<br/>15. Water hammer and surge analysis<br/>16. Potential flow<br/>17. Vortex flow<br/>18. Flow of compressible fluids<br/>19. Open channel flow<br/> |
| 942 ## - ADDED ENTRY ELEMENTS (KOHA) | |
| Koha item type | Books |
| Withdrawn status | Lost status | Damaged status | Collection code | Home library | Current library | Shelving location | Date acquired | Source of acquisition | Cost, normal purchase price | Full call number | Accession Number | Koha item type |
|---|---|---|---|---|---|---|---|---|---|---|---|---|
| KAUAET | KAUAET | General Stacks | 30/03/2013 | Aman Book Stall, Calicut | 525.00 | 532 OJH/FL | 24038 | Books |
